Ôn tập môn địa lí theo chủ điểm
v.v...
Đã lưu trong:
| Tác giả chính: | |
|---|---|
| Định dạng: | Sách |
| Năm xuất bản: |
H.
Đại học Quốc gia Hà Nội
2001
|
| Phiên bản: | In lần 2 |
| Chủ đề: | |
| Tags: |
Thêm thẻ
Không có thẻ, Hãy là người đầu tiên gắn thẻ bản ghi này!
|
| LEADER | 00690nam a2200193 4500 | ||
|---|---|---|---|
| 082 | |a 910.76 |b NG527V | ||
| 100 | |a Nguyễn Viết Thịnh | ||
| 245 | |a Ôn tập môn địa lí theo chủ điểm |c Nguyễn Viết Thịnh, Đỗ Thị Minh Đức | ||
| 250 | |a In lần 2 | ||
| 260 | |a H. |b Đại học Quốc gia Hà Nội |c 2001 | ||
| 300 | |a 311 tr. |c 19 cm | ||
| 520 | |a v.v... | ||
| 653 | |a Địa lí | ||
| 653 | |a ôn tập | ||
| 653 | |a luyện thi đại học | ||
| 653 | |a ôn thi | ||
| 942 | |2 ddc |c SH | ||
| 999 | |c 9520 |d 9520 | ||
| 952 | |0 0 |1 0 |2 ddc |4 0 |6 910_760000000000000_NG527V |7 0 |8 900 |9 75670 |a qbu |b qbu |c D5 |d 2015-05-25 |g 22000 |l 1 |o 910.76 NG527V |p 9682.c1 |r 2016-04-12 |s 2016-03-31 |w 2015-05-25 |y SH | ||